[Event "Goodricke op 07th"]
[Site "Kolkata"]
[Date "1996.??.??"]
[Round "5"]
[White "Mithrakanth, Poorna Sharma"]
[Black "Shcherbakov, Ruslan"]
[Result "0-1"]
[WhiteElo "2360"]
[BlackElo "2565"]
[PlyCount "122"]
[EventDate "1996.02.??"]
[EventType "swiss"]
[EventRounds "11"]
[EventCountry "IND"]
[SourceTitle "CBM 050 Extra"]
[Source "ChessBase"]
[SourceDate "1996.03.01"]
[SourceVersion "1"]
[SourceVersionDate "1996.03.01"]
[SourceQuality "1"]

1. e4 c5 2. Nf3 Nc6 3. d4 cxd4 4. Nxd4 Nf6 5. Nc3 d6 6. Bg5 e6 7. Qd2 a6 8. 0-0-0 Bd7 9. f4 b5 10. Nxc6 Bxc6 11. Qe1 Be7 12. e5 Nd5 13. Bxe7 Qxe7 14. Ne4 dxe5 15. fxe5 0-0 16. Qg3 f5 17. exf6 Nxf6 18. Ng5 e5 19. Be2 Rae8 20. Rhe1 h6 21. Qb3+ Kh8 22. Nf3 Ng4 23. Rd2 Ba8 24. h3 e4 25. Bd1 Ne5 26. Nxe5 Qxe5 27. Qe3 a5 28. c3 b4 29. cxb4 axb4 30. Bb3 Rd8 31. Rxd8 Rxd8 32. Rd1 Rf8 33. Kb1 Bc6 34. Rc1 Bb5 35. Bc4 Bd7 36. Rd1 Ba4 37. Re1 Re8 38. Rf1 Bb5 39. Bxb5 Qxb5 40. Re1 Qd5 41. Rf1 Ra8 42. b3 Rd8 43. Rc1 Qd3+ 44. Qxd3 Rxd3 45. Re1 Rd4 46. Rc1 Rd2 47. Re1 Rd4 48. Rc1 e3 49. Re1 Rd3 50. Re2 Kh7 51. Kc2 Rc3+ 52. Kb2 Kg6 53. a3 Kf5 54. axb4 Rd3 55. Rc2 Kf4 56. b5 Rd5 57. b6 Rb5 58. Kc3 Rxb6 59. Ra2 Rb7 60. Ra8 Re7 61. Ra1 Kg3 0-1

[Event "Olympiad-31"]
[Site "Moscow"]
[Date "1994.12.15"]
[Round "13.3"]
[White "Hmadi, Slaheddine"]
[Black "Mithrakanth, Poorna Sharma"]
[Result "1-0"]
[WhiteElo "2320"]
[BlackElo "2460"]
[PlyCount "103"]
[EventDate "1994.12.01"]
[EventType "team-swiss"]
[EventRounds "14"]
[EventCountry "RUS"]
[SourceTitle "CBM 045"]
[Source "ChessBase"]
[SourceDate "1995.04.01"]
[SourceVersion "1"]
[SourceVersionDate "1995.04.01"]
[SourceQuality "1"]
[WhiteTeam "Tunisia"]
[BlackTeam "India"]
[WhiteTeamCountry "TUN"]
[BlackTeamCountry "IND"]

1. e4 c5 2. c3 Nf6 3. e5 Nd5 4. d4 cxd4 5. Nf3 e6 6. cxd4 d6 7. Bc4 Nc6 8. 0-0 dxe5 9. dxe5 Be7 10. Qe2 Na5 11. Bd3 b6 12. Rd1 Bb7 13. Bb5+ Kf8 14. Nc3 h6 15. Bd2 a6 16. Nxd5 Qxd5 17. Bxa5 Qxb5 18. Qxb5 axb5 19. Bxb6 Bd5 20. a3 g5 21. Nd4 Kg7 22. Nf5+ exf5 23. Rxd5 b4 24. a4 Rhc8 25. g3 Rc2 26. Rd7 Kf8 27. a5 Rxb2 28. Rc1 b3 29. Rcc7 Rb1+ 30. Kg2 Re8 31. Rxe7 Rxe7 32. Bc5 b2 33. Rb7 Rc1 34. Bxe7+ Ke8 35. Rxb2 Kxe7 36. Ra2 Rc7 37. a6 Ra7 38. f4 g4 39. Kf2 Ke6 40. Ra5 Kd7 41. Ke3 Kc7 42. Ra2 h5 43. Kd4 Kc6 44. e6 fxe6 45. Ke5 Kd7 46. Rd2+ Ke7 47. Rd6 Rc7 48. Rxe6+ Kf7 49. Kxf5 Rc2 50. Rf6+ Kg7 51. Kg5 Rxh2 52. Rb6 1-0

[Event "Olympiad-31"]
[Site "Moscow"]
[Date "1994.12.12"]
[Round "11.4"]
[White "Ilinsky, Vladimir"]
[Black "Mithrakanth, Poorna Sharma"]
[Result "1/2-1/2"]
[WhiteElo "2355"]
[BlackElo "2460"]
[PlyCount "55"]
[EventDate "1994.12.01"]
[EventType "team-swiss"]
[EventRounds "14"]
[EventCountry "RUS"]
[SourceTitle "CBM 045"]
[Source "ChessBase"]
[SourceDate "1995.04.01"]
[SourceVersion "1"]
[SourceVersionDate "1995.04.01"]
[SourceQuality "1"]
[WhiteTeam "Kyrgyzstan"]
[BlackTeam "India"]
[WhiteTeamCountry "KGZ"]
[BlackTeamCountry "IND"]

1. d4 Nf6 2. c4 e6 3. Nc3 Bb4 4. e3 c5 5. Bd3 d5 6. Nf3 cxd4 7. exd4 dxc4 8. Bxc4 0-0 9. 0-0 Nbd7 10. Bf4 Nb6 11. Bb3 Nbd5 12. Bd2 Nxc3 13. bxc3 Bd6 14. Bg5 b6 15. Qd3 h6 16. Bd2 Qc7 17. Rfe1 Rd8 18. h3 Bb7 19. Bc2 Rac8 20. Qe3 Kf8 21. Ne5 Bxe5 22. Qxe5 Qxe5 23. Rxe5 Nd5 24. Be4 Rd7 25. Bxd5 Rxd5 26. Rxd5 Bxd5 27. f3 Rc4 28. Kf2 1/2-1/2

[Event "Olympiad-31"]
[Site "Moscow"]
[Date "1994.12.06"]
[Round "6.4"]
[White "Dizdarevic, Emir"]
[Black "Mithrakanth, Poorna Sharma"]
[Result "1-0"]
[WhiteElo "2495"]
[BlackElo "2460"]
[PlyCount "87"]
[EventDate "1994.12.01"]
[EventType "team-swiss"]
[EventRounds "14"]
[EventCountry "RUS"]
[SourceTitle "CBM 045"]
[Source "ChessBase"]
[SourceDate "1995.04.01"]
[SourceVersion "1"]
[SourceVersionDate "1995.04.01"]
[SourceQuality "1"]
[WhiteTeam "Bosnia&Herzegovina"]
[BlackTeam "India"]
[WhiteTeamCountry "BIH"]
[BlackTeamCountry "IND"]

1. Nf3 Nf6 2. g3 d5 3. Bg2 c6 4. 0-0 Bf5 5. d3 e6 6. c4 dxc4 7. dxc4 Qxd1 8. Rxd1 Nbd7 9. Nc3 h6 10. h3 Bc5 11. Nd4 Bh7 12. Na4 Be7 13. Be3 Be4 14. Nb3 Bxg2 15. Kxg2 0-0 16. Na5 Rab8 17. a3 Bd8 18. b4 Bxa5 19. bxa5 b5 20. Nc5 Nxc5 21. Bxc5 Rfc8 22. Bxa7 Ra8 23. Bb6 bxc4 24. Rdc1 Ne4 25. Rxc4 Nd6 26. Ra4 Nb5 27. Rc1 Nd6 28. a6 Nb5 29. Ra5 Na7 30. Rd1 Rcb8 31. Be3 Rb5 32. Ra4 c5 33. Rd7 Nc6 34. Rc7 Nd4 35. Bxd4 cxd4 36. a7 Rd5 37. Rb4 Rdd8 38. Rbb7 Rf8 39. Rd7 g5 40. Rxd4 Kg7 41. Rdd7 Kg6 42. e4 h5 43. Kf3 Rfe8 44. Rxf7 1-0

[Event "Olympiad-31"]
[Site "Moscow"]
[Date "1994.12.05"]
[Round "5.4"]
[White "Mithrakanth, Poorna Sharma"]
[Black "El Assiouti, Sheriff"]
[Result "1-0"]
[WhiteElo "2460"]
[BlackElo "2285"]
[PlyCount "77"]
[EventDate "1994.12.01"]
[EventType "team-swiss"]
[EventRounds "14"]
[EventCountry "RUS"]
[SourceTitle "CBM 045"]
[Source "ChessBase"]
[SourceDate "1995.04.01"]
[SourceVersion "1"]
[SourceVersionDate "1995.04.01"]
[SourceQuality "1"]
[WhiteTeam "India"]
[BlackTeam "Egypt"]
[WhiteTeamCountry "IND"]
[BlackTeamCountry "EGY"]

1. e4 c5 2. Nf3 Nc6 3. d4 cxd4 4. Nxd4 Nf6 5. Nc3 e5 6. Ndb5 d6 7. Bg5 a6 8. Na3 b5 9. Bxf6 gxf6 10. Nd5 Bg7 11. c3 Ne7 12. Nxe7 Qxe7 13. Nc2 f5 14. Bd3 0-0 15. 0-0 f4 16. a4 bxa4 17. Rxa4 Bb7 18. f3 Kh8 19. Bc4 Bc6 20. Ra2 a5 21. Bd5 Qb7 22. Bxc6 Qxc6 23. Qd3 f5 24. Kh1 Rfd8 25. Rd1 Rab8 26. exf5 Bf6 27. Qd5 Qc8 28. h3 Qxf5 29. Nd4 Qg6 30. Nc6 Rg8 31. b4 Rb7 32. Nxe5 Qg7 33. Ng4 Bxc3 34. bxa5 Be5 35. a6 Ra7 36. Rb1 h5 37. Rb7 Rxb7 38. axb7 hxg4 39. Ra8 1-0